000 00840nam a2200265 i 4500
001 bg
100 1 _aWEROŃSKI, Wiesław
245 1 0 _aObróbka plastyczna :
_bobliczanie sił kształtowania /
_cWiesław Weroński, Zbigniew Pater ; Politechnika Lubelska.
260 _aLublin :
_bWydawnictwa Uczelniane PL,
_c1994.
300 _a314, [1] s. :
_brys., wykr. ;
_c24 cm.
504 _aBibliogr. s. [315] i przy rozdz.
650 9 _aMetale
_xobróbka plastyczna
650 9 _aNaprężenia i odkształcenia
650 9 _aPlastyczność
650 9 _aSprężystość
655 _aPodręczniki akademickie
700 1 _aPATER, Zbigniew
020 _a8386333200
040 _cBPK
041 0 _apl
080 _a621.73+621.77:539.3/.6](075.8)
920 _a83-86333-20-0
942 _cKS
008 s pl f |000 0 pol
999 _c6735
_d6735
856 _uhttp://koha.tu.koszalin.pl/cgi-bin/koha/opac-detail.pl?biblionumber=6735
_yKatalog online BPK